Adhunik asomia natya chintan (Record no. 4570)

MARC details
000 -LEADER
fixed length control field 00561cam a2200205ua 4500
001 - CONTROL NUMBER
control field 5393
005 - DATE AND TIME OF LATEST TRANSACTION
control field 20260515113857.0
008 - FIXED-LENGTH DATA ELEMENTS--GENERAL INFORMATION
fixed length control field 150216n ii |||gr||||Z||||||asm
020 ## - INTERNATIONAL STANDARD BOOK NUMBER
International Standard Book Number 978-81-7213-150-0
040 ## - CATALOGING SOURCE
Transcribing agency MAIN
041 ## - LANGUAGE CODE
Language code of text/sound track or separate title asm
082 ## - DEWEY DECIMAL CLASSIFICATION NUMBER
Classification number 891.4512
100 ## - MAIN ENTRY--PERSONAL NAME
Personal name Handique, Smritirekha Chetia,
Relator term Author,
245 ## - TITLE STATEMENT
Title Adhunik asomia natya chintan
Statement of responsibility, etc. by Smritirekha Chetia Handique
250 ## - EDITION STATEMENT
Edition statement 2nd.
260 ## - PUBLICATION, DISTRIBUTION, ETC.
Place of publication, distribution, etc. Guwahati:
Name of publisher, distributor, etc. Purbanchal Prakash,
Date of publication, distribution, etc. 2012.
300 ## - PHYSICAL DESCRIPTION
Extent 232p:
Dimensions 18cm.
653 ## - INDEX TERM--UNCONTROLLED
Uncontrolled term East Indo-European & Celtic literatures
942 ## - ADDED ENTRY ELEMENTS (KOHA)
Koha item type Books
Holdings
Withdrawn status Lost status Damaged status Not for loan Home library Current library Shelving location Date acquired Total checkouts Full call number Barcode Date last seen Copy number Price effective from Koha item type Date last checked out
        Naharkatiya College Library Naharkatiya College Library General stacks 09/19/2020   891.4512 | HAN 20751 09/19/2020 1 09/19/2020 Books  
        Naharkatiya College Library Naharkatiya College Library General stacks 09/19/2020 1 891.4512 | HAN 20752 09/26/2024 2 09/19/2020 Books 09/06/2024
        Naharkatiya College Library Naharkatiya College Library General stacks 09/19/2020 2 891.4512 | HAN 22154 09/18/2024 3 09/19/2020 Books 09/06/2024